000
00311nam a22001337a 4500
008
170921b xxu||||| |||| 00| 0 eng d
020
_a
9780393976526
041
_a
eng
080
_a
78
100
_a
45
101
_a
MUZ
245
_a
THEORY AND ANLYSIS THE MUSCIANS GUIDE
_c
PIPER.J
942
_2
udc
_c
BK
999
_c
28770
_d
28770